Normal view
MARC view
- Chinampas
Entry Materia
001 - NÚMERO DE CONTROL DEL REGISTRO
- campo de control: 50770
003 - IDENTIFICADOR DE NUMERO DE CONTROL
- campo de control: MX-MxUPN
005 - FECHA Y HORA DE LA ÚLTIMA TRANSACCIÓN
- campo de control: 20240110102850.0
008 - DATOS DE LONGITUD FIJA
- campo de control de longitud fija: 240110|| acn||babn | a|a d
040 ## - FUENTE DE LA CATALOGACIÓN
- Centro catalogador de origen: MX-MxUPN
- Lengua de catalogación: spa
- Agencia de transcripción: MX-MxUPN
150 ## - ENCABEZAMIENTO - TEMÁTICO
- Término de materia o nombre geográfico como elemento inicial: Chinampas
- Subdivisión geográfica: Ciudad de México
670 ## - FUENTE EN LA QUE SE LOCALIZARON DATOS
- Cita de la fuente: Autoridades BGTQ, 10 enero 2024:
- Información localizada: (Chinampas--Subdivisión geográfica)
902 ## - CATALOGADOR
- Catalogador: Víctor Ruiz/100124
